<La> communication scientifique en milieu universitaire
Salvato in:
| Autore principale: | |
|---|---|
| Ente Autore: | |
| Altri autori: | , |
| Natura: | Libro |
| Lingua: | francese |
| Pubblicazione: |
Bratislava
Vydavateľstvo EKONÓM
2018
|
| Edizione: | 1. vydanie |
| Soggetti: | |
| Tags: |
Nessun Tag, puoi essere il primo ad aggiungerne!!
|
MARC
| LEADER | 00000nam a2200000 4500 | ||
|---|---|---|---|
| 001 | 0250516 | ||
| 005 | 20240502074021.1 | ||
| 020 | |a 978-80-225-4546-4 | ||
| 041 | 0 | |a fre | |
| 044 | |a SK | ||
| 245 | 1 | 0 | |a <La> communication scientifique en milieu universitaire |c Iveta Rizeková ; recenzenti: Ladislav Lapšanský, Daniel Lančarič |
| 250 | |a 1. vydanie | ||
| 264 | 1 | |a Bratislava |b Vydavateľstvo EKONÓM |c 2018 | |
| 300 | |a 127 s. [6,40 AH] | ||
| 610 | 2 | 0 | |a jazykoveda |
| 610 | 2 | 0 | |a terminológia |
| 610 | 2 | 0 | |a jazyky cudzie |
| 610 | 2 | 0 | |a jazyk diplomatický |
| 610 | 2 | 0 | |a francúzština |
| 610 | 2 | 0 | |a komunikácia |
| 610 | 2 | 0 | |a univerzity |
| 100 | 1 | |a Rizeková, Iveta, 1961- | |
| 700 | 1 | |a Lapšanský, Ladislav | |
| 700 | 1 | |a Lančarič, Daniel | |
| 710 | 2 | |a Ekonomická univerzita v Bratislave. Fakulta aplikovaných jazykov | |